00851nam a22001817a 450000500170000000800410001702000180005805000200007610000030009624500530009925000110015226000430016330000320020650000560023850503320029470000200062670000230064620230620152302.0230620b ||||| |||| 00| 0 eng d a9781121913967 aQR41.2.W545(9e)  aPrescott's microbiology /cJoanne Willey [et al] a9th ed aGlasgow:bMcGraw Hill education,c2013 axi,1149 pages:bill.;c28cm aIncludes appendix, glossary, credit list and index. aContents: Introduction to microbiology -- Microbial nutrition, growth and control -- Microbial metabolism -- Microbial molecular biology and genetics -- The diversity of the microbial world -- Ecology and symbiosis -- Pathogenicity and host response -- Microbial diseases, detection and their control -- Applied microbiology -- aSherwood, Linda aWoolverton, Chris.